[Event "Stay Safe Play From Home 140"]
[Site "T#645950Emanuel Laske"]
[Date "2020.05.11"]
[Round "8"]
[White "Fischer_11"]
[Black "Muralikrishna"]
[Result "1-0"]
[WhiteElo "1910"]
[BlackElo "1803"]
[Annotator "TA"]
[PlyCount "85"]
[EventDate "2020.05.11"]
[EventType "swiss (blitz)"]

{[%evp 18,85,32,38,48,39,33,-175,38,31,31,34,33,35,34,33,28,10,39,45,60,53,52,53,60,30,37,0,74,33,36,34,52,46,57,4,9,0,0,0,0,0,0,0,0,0,0,0,5,0,0,0,22,22,22,22,102,102,102,102,333,333,333,330,319,298,29988,29989,29989,29990]} 1. e4 c5 2. c3 Nc6 3. d4 cxd4 4. cxd4 d5 5. exd5 Qxd5 6. Nf3 e5 7. Nc3 Bb4 8. Bd2 Bxc3 9. Bxc3 exd4 10. Nxd4 Nf6 {B22: Sicilian: 2 c3.} 11. Nxc6 Qxc6 {[#]} 12. Qb3 $146 {[#]} (12. Be2 $14 {keeps the upper hand.}) ({Predecessor:} 12. Bxf6 Qxf6 13. Bb5+ Kf8 14. O-O g6 15. Rc1 Kg7 16. Rc7 Be6 17. Re1 Rhd8 18. Qe2 {½-½ (65) Ramirez Garcia,J (2300)-Munoz Pantoja,M (2460) Barcelona 2013}) 12... Be6 $2 (12... O-O $19 {Threatens to win with ...Re8+.} 13. Bb5 Qxg2) 13. Bb5 Bxb3 14. Bxc6+ bxc6 15. axb3 O-O 16. Bxf6 gxf6 $14 {[%mdl 4096] Endgame KRR-KRR} 17. Kd2 Rfe8 18. Rhe1 Rad8+ 19. Kc3 Rxe1 20. Rxe1 {KR-KR} Rd5 21. Re7 Rc5+ 22. Kb4 Rb5+ (22... Rc2 $11) 23. Kc4 a5 24. Rc7 Rb4+ 25. Kc3 Rb6 26. f4 (26. Rc8+ $14 Kg7 27. g3) 26... Kg7 $11 27. g4 Kg6 28. h4 h5 29. f5+ Kh6 30. gxh5 Kxh5 31. Rxf7 Kxh4 32. Rxf6 Kg5 33. Rf8 Rb5 34. Rc8 Rb6 35. Ra8 Rb5 36. Ra6 Rc5+ (36... Kxf5 $11 {keeps the balance.} 37. b4 (37. Rxc6 Ke4 $11) 37... axb4+ 38. Kc4 b3) 37. Kd4 $16 Rd5+ 38. Kc4 Rb5 $2 {[#]} (38... Kxf5 $16 39. Rxc6 Rd2) 39. Rxc6 $18 Rb4+ 40. Kc3 Rb5 41. f6 Rc5+ $2 (41... Kg6 $18 42. Rd6 Kf7) 42. Rxc5+ Kxf6 43. Rxa5 {Accuracy: White = 74%, Black = 63%.} 1-0

[Event "Stay Safe Play From Home 140"]
[Site "T#645950Emanuel Laske"]
[Date "2020.05.11"]
[Round "8"]
[White "Chase the sun"]
[Black "Chesspugnator"]
[Result "1-0"]
[WhiteElo "1813"]
[BlackElo "1870"]
[Annotator "NA RC"]
[PlyCount "51"]
[EventDate "2020.05.11"]
[EventType "swiss (blitz)"]

1. e4 {[%emt 0:00:01]} g6 {[%emt 0:00:04]} 2. Nc3 {[%emt 0:00:01]} Bg7 {[%emt 0:00:00]} 3. f4 {[%emt 0:00:00]} d6 {[%emt 0:00:00]} 4. Nf3 {[%emt 0:00:01]} c6 {[%emt 0:00:02]} 5. Bc4 {[%emt 0:00:01]} e6 {[%emt 0:00:02]} 6. Bb3 {[%emt 0:00:00]} d5 {[%emt 0:00:01]} 7. d3 {[%emt 0:00:00]} Ne7 {[%emt 0:00:02]} 8. O-O {[%emt 0:00:02]} O-O {[%emt 0:00:00]} 9. Qe1 {[%emt 0:00:01]} Qb6+ {[%emt 0:00:02]} 10. Be3 {[%emt 0:00:04]} d4 {[%emt 0:00:01]} 11. Bf2 {[%emt 0:00:01]} c5 {[%emt 0:00:03]} 12. Ne2 {[%emt 0:00:02]} a5 {[%emt 0:00:01]} 13. c3 {[%emt 0:00:02]} a4 {[%emt 0:00:02]} 14. Bd1 {[%emt 0:00:01]} Qxb2 {[%emt 0:00:00]} 15. cxd4 {[%emt 0:00:06]} Qxa1 {[%emt 0:00:01]} 16. dxc5 {[%emt 0:00:01]} Nbc6 {[%emt 0:00:01]} 17. g4 {[%emt 0:00:03]} e5 {[%emt 0:00:01]} 18. f5 {[%emt 0:00:01]} gxf5 {[%emt 0:00:02]} 19. gxf5 {[%emt 0:00:00]} Bf6 {[%emt 0:00:01]} 20. Kh1 {[%emt 0:00:02]} Kh8 {[%emt 0:00:01]} 21. Bh4 {[%emt 0:00:02]} Ng8 {[%emt 0:00:04]} 22. Rg1 {[%emt 0:00:02]} Qxa2 {[%emt 0:00:03]} 23. Rxg8+ {[%emt 0:00:03]} Kxg8 {[%emt 0:00:03]} 24. Qg3+ {[%emt 0:00:06]} Bg7 {[%emt 0:00:03]} 25. f6 {[%emt 0:00:02]} Bg4 {[%emt 0:00:03]} 26. Qxg4 {[%emt 0:00:01] Chesspugnator resigns (Lag: Av=0.79s, max=0.9s)} 1-0

[Event "Stay Safe Play From Home 140"]
[Site "T#645950Emanuel Laske"]
[Date "2020.05.11"]
[Round "8"]
[White "Edmatuag"]
[Black "Patzeroglu"]
[Result "0-1"]
[WhiteElo "1676"]
[BlackElo "1846"]
[Annotator "NA RC"]
[PlyCount "88"]
[EventDate "2020.05.11"]
[EventType "swiss (blitz)"]

1. e4 {[%emt 0:00:01]} c5 {[%emt 0:00:01]} 2. Nf3 {[%emt 0:00:02]} Nf6 {[%emt 0:00:00]} 3. d4 {[%emt 0:00:01]} Nxe4 {[%emt 0:00:02]} 4. d5 {[%emt 0:00:02]} d6 {[%emt 0:00:16]} 5. Bd3 {[%emt 0:00:01]} Nf6 {[%emt 0:00:01]} 6. c4 {[%emt 0:00:01]} e5 {[%emt 0:00:00]} 7. dxe6 {[%emt 0:00:02]} fxe6 {[%emt 0:00:01]} 8. O-O {[%emt 0:00:00]} e5 {[%emt 0:00:00]} 9. Nc3 {[%emt 0:00:01]} Be7 {[%emt 0:00:00]} 10. Bg5 {[%emt 0:00:04]} O-O {[%emt 0:00:00]} 11. Qc2 {[%emt 0:00:02]} h6 {[%emt 0:00:04]} 12. Bxf6 {[%emt 0:00:01]} Bxf6 {[%emt 0:00:01]} 13. Bh7+ {[%emt 0:00:03]} Kh8 {[%emt 0:00:01]} 14. Ne4 {[%emt 0:00:03]} Nc6 {[%emt 0:00:06]} 15. Nxf6 {[%emt 0:00:03]} Qxf6 {[%emt 0:00:02]} 16. Be4 {[%emt 0:00:01]} Bf5 {[%emt 0:00:01]} 17. a3 {[%emt 0:00:02]} Rad8 {[%emt 0:00:04]} 18. Bd5 {[%emt 0:00:02]} Nd4 {[%emt 0:00:02]} 19. Qd2 {[%emt 0:00:03]} Nxf3+ {[%emt 0:00:01]} 20. Bxf3 {[%emt 0:00:01]} Bh3 {[%emt 0:00:00]} 21. Qe3 {[%emt 0:00:04]} Be6 {[%emt 0:00:02]} 22. Bd5 {[%emt 0:00:02]} Bxd5 {[%emt 0:00:01]} 23. cxd5 {[%emt 0:00:00]} Qf4 {[%emt 0:00:00]} 24. Rae1 {[%emt 0:00:02]} Qxe3 {[%emt 0:00:01]} 25. Rxe3 {[%emt 0:00:00]} Rf4 {[%emt 0:00:01]} 26. Rg3 {[%emt 0:00:01]} Rd4 {[%emt 0:00:00]} 27. Re1 {[%emt 0:00:01]} Rxd5 {[%emt 0:00:01]} 28. h4 {[%emt 0:00:00]} Rd4 {[%emt 0:00:00]} 29. h5 {[%emt 0:00:01]} Rf8 {[%emt 0:00:01]} 30. Rg6 {[%emt 0:00:01]} Rf6 {[%emt 0:00:02]} 31. Rxf6 {[%emt 0:00:01]} gxf6 {[%emt 0:00:00]} 32. f3 {[%emt 0:00:00]} Kg7 {[%emt 0:00:00]} 33. Kf2 {[%emt 0:00:02]} Kf7 {[%emt 0:00:00]} 34. Re2 {[%emt 0:00:01]} Ke6 {[%emt 0:00:00]} 35. g4 {[%emt 0:00:01]} b5 {[%emt 0:00:00]} 36. Ke3 {[%emt 0:00:01]} a5 {[%emt 0:00:01]} 37. Rc2 {[%emt 0:00:01]} a4 {[%emt 0:00:00]} 38. Rc3 {[%emt 0:00:02]} Kd5 {[%emt 0:00:00]} 39. Rc2 {[%emt 0:00:01]} c4 {[%emt 0:00:00]} 40. Rc3 {[%emt 0:00:01]} Rd3+ {[%emt 0:00:00]} 41. Rxd3+ {[%emt 0:00:01]} cxd3 {[%emt 0:00:00]} 42. Kxd3 {[%emt 0:00:00]} e4+ {[%emt 0:00:01]} 43. fxe4+ {[%emt 0:00:02]} Ke5 {[%emt 0:00:00]} 44. Ke3 {[%emt 0:00:00]} b4 {[%emt 0:00:00] Time (Lag: Av=1.00s, max=1.6s)} 0-1

[Event "Stay Safe Play From Home 140"]
[Site "T#645950Emanuel Laske"]
[Date "2020.05.11"]
[Round "8"]
[White "Papl"]
[Black "matanant"]
[Result "1-0"]
[WhiteElo "1674"]
[BlackElo "1597"]
[Annotator "NA RC"]
[PlyCount "77"]
[EventDate "2020.05.11"]
[EventType "swiss (blitz)"]

1. e4 {[%emt 0:00:08]} e5 {[%emt 0:00:02]} 2. Nf3 {[%emt 0:00:01]} d5 {[%emt 0:00:01]} 3. exd5 {[%emt 0:00:02]} e4 {[%emt 0:00:01]} 4. Ne5 {[%emt 0:00:03]} Qxd5 {[%emt 0:00:04]} 5. d4 {[%emt 0:00:01]} exd3 {[%emt 0:00:03]} 6. Nxd3 {[%emt 0:00:01]} Nf6 {[%emt 0:00:01]} 7. Nc3 {[%emt 0:00:02]} Qd8 {[%emt 0:00:00]} 8. Bg5 {[%emt 0:00:02]} Be7 {[%emt 0:00:00]} 9. Be2 {[%emt 0:00:01]} O-O {[%emt 0:00:01]} 10. O-O {[%emt 0:00:01]} h6 {[%emt 0:00:00]} 11. Bh4 {[%emt 0:00:01]} Nc6 {[%emt 0:00:02]} 12. Bg3 {[%emt 0:00:01]} Be6 {[%emt 0:00:01]} 13. Qd2 {[%emt 0:00:05]} Bd6 {[%emt 0:00:02]} 14. Bxd6 {[%emt 0:00:01]} Qxd6 {[%emt 0:00:02]} 15. Rad1 {[%emt 0:00:02]} Rad8 {[%emt 0:00:02]} 16. Qe3 {[%emt 0:00:04]} Nd5 {[%emt 0:00:03]} 17. Nxd5 {[%emt 0:00:02]} Bxd5 {[%emt 0:00:01]} 18. Nf4 {[%emt 0:00:03]} Rfe8 {[%emt 0:00:12]} 19. Qg3 {[%emt 0:00:05]} Qe5 {[%emt 0:00:06]} 20. Nxd5 {[%emt 0:00:07]} Rxd5 {[%emt 0:00:02]} 21. Qxe5 {[%emt 0:00:02]} Rdxe5 {[%emt 0:00:01]} 22. Rd5 {[%emt 0:00:00]} Rxe2 {[%emt 0:00:02]} 23. Rd7 {[%emt 0:00:02]} R8e7 {[%emt 0:00:02]} 24. Rxe7 {[%emt 0:00:00]} Kh7 {[%emt 0:00:01]} 25. h3 {[%emt 0:00:00]} Rxe7 {[%emt 0:00:02]} 26. g3 {[%emt 0:00:00]} Nd4 {[%emt 0:00:01]} 27. Kg2 {[%emt 0:00:00]} Nxc2 {[%emt 0:00:01]} 28. Rd1 {[%emt 0:00:00]} Nb4 {[%emt 0:00:01]} 29. Rc1 {[%emt 0:00:00]} Nd5 {[%emt 0:00:01]} 30. Rd1 {[%emt 0:00:02]} c6 {[%emt 0:00:00]} 31. Kf3 {[%emt 0:00:00]} Re5 {[%emt 0:00:01]} 32. Kg2 {[%emt 0:00:00]} Re6 {[%emt 0:00:00]} 33. f4 {[%emt 0:00:00]} Rf6 {[%emt 0:00:00]} 34. f5 {[%emt 0:00:00]} g6 {[%emt 0:00:01]} 35. g4 {[%emt 0:00:00]} gxf5 {[%emt 0:00:01]} 36. gxf5 {[%emt 0:00:00]} Rxf5 {[%emt 0:00:00]} 37. Kg3 {[%emt 0:00:00]} Rg5+ {[%emt 0:00:00]} 38. Kh2 {[%emt 0:00:00]} f5 {[%emt 0:00:00]} 39. h4 {[%emt 0:00:00] Time (Lag: Av=0.68s, max=1.4s)} 1-0

[Event "Stay Safe Play From Home 140"]
[Site "T#645950Emanuel Laske"]
[Date "2020.05.11"]
[Round "8"]
[White "Nagaram"]
[Black "Emresenar"]
[Result "0-1"]
[WhiteElo "1504"]
[BlackElo "1671"]
[Annotator "NA RC"]
[PlyCount "160"]
[EventDate "2020.05.11"]
[EventType "swiss (blitz)"]

1. e4 {[%emt 0:00:01]} b6 {[%emt 0:00:02]} 2. Nf3 {[%emt 0:00:01]} Bb7 {[%emt 0:00:01]} 3. Nc3 {[%emt 0:00:00]} g6 {[%emt 0:00:02]} 4. d4 {[%emt 0:00:01]} Bg7 {[%emt 0:00:00]} 5. Bc4 {[%emt 0:00:01]} d6 {[%emt 0:00:00]} 6. Bf4 {[%emt 0:00:01]} e6 {[%emt 0:00:01]} 7. O-O {[%emt 0:00:01]} Ne7 {[%emt 0:00:00]} 8. e5 {[%emt 0:00:01]} d5 {[%emt 0:00:02]} 9. Bb5+ {[%emt 0:00:01]} c6 {[%emt 0:00:01]} 10. Bd3 {[%emt 0:00:00]} Nd7 {[%emt 0:00:00]} 11. Re1 {[%emt 0:00:01]} c5 {[%emt 0:00:00]} 12. Ne2 {[%emt 0:00:03]} cxd4 {[%emt 0:00:02]} 13. Nfxd4 {[%emt 0:00:00]} Nc6 {[%emt 0:00:01]} 14. Nxc6 {[%emt 0:00:01]} Bxc6 {[%emt 0:00:00]} 15. c4 {[%emt 0:00:00]} Bxe5 {[%emt 0:00:03]} 16. Bxe5 {[%emt 0:00:01]} Nxe5 {[%emt 0:00:00]} 17. cxd5 {[%emt 0:00:00]} Nxd3 {[%emt 0:00:01]} 18. Qxd3 {[%emt 0:00:01]} Qxd5 {[%emt 0:00:02]} 19. Qxd5 {[%emt 0:00:01]} Bxd5 {[%emt 0:00:00]} 20. Nc3 {[%emt 0:00:02]} O-O-O {[%emt 0:00:01]} 21. Rac1 {[%emt 0:00:03]} Kb7 {[%emt 0:00:01]} 22. Nxd5 {[%emt 0:00:01]} Rxd5 {[%emt 0:00:00]} 23. Red1 {[%emt 0:00:01]} Rhd8 {[%emt 0:00:01]} 24. Rxd5 {[%emt 0:00:01]} Rxd5 {[%emt 0:00:00]} 25. h3 {[%emt 0:00:00]} Rd2 {[%emt 0:00:01]} 26. Rb1 {[%emt 0:00:02]} Kc6 {[%emt 0:00:01]} 27. b3 {[%emt 0:00:01]} Rxa2 {[%emt 0:00:02]} 28. Rc1+ {[%emt 0:00:01]} Kb7 {[%emt 0:00:03]} 29. Rd1 {[%emt 0:00:01]} Kc7 {[%emt 0:00:01]} 30. Rc1+ {[%emt 0:00:01]} Kd7 {[%emt 0:00:01]} 31. Rd1+ {[%emt 0:00:01]} Ke7 {[%emt 0:00:01]} 32. Rc1 {[%emt 0:00:01]} Ra3 {[%emt 0:00:02]} 33. Rc7+ {[%emt 0:00:01]} Kf6 {[%emt 0:00:00]} 34. Rc3 {[%emt 0:00:01]} a5 {[%emt 0:00:02]} 35. Rf3+ {[%emt 0:00:01]} Ke7 {[%emt 0:00:02]} 36. Rc3 {[%emt 0:00:01]} b5 {[%emt 0:00:01]} 37. Rc7+ {[%emt 0:00:01]} Kf6 {[%emt 0:00:00]} 38. Ra7 {[%emt 0:00:01]} Rxb3 {[%emt 0:00:04]} 39. Rxa5 {[%emt 0:00:01]} Rb1+ {[%emt 0:00:01]} 40. Kh2 {[%emt 0:00:02]} b4 {[%emt 0:00:00]} 41. Rb5 {[%emt 0:00:00]} b3 {[%emt 0:00:00]} 42. Kg3 {[%emt 0:00:01]} Ke7 {[%emt 0:00:03]} 43. Rb7+ {[%emt 0:00:03]} Kd6 {[%emt 0:00:01]} 44. Rxf7 {[%emt 0:00:01]} b2 {[%emt 0:00:01]} 45. Rb7 {[%emt 0:00:01]} Kc6 {[%emt 0:00:01]} 46. Rb3 {[%emt 0:00:01]} Kc5 {[%emt 0:00:01]} 47. Kh2 {[%emt 0:00:01]} Kc4 {[%emt 0:00:00]} 48. Rb8 {[%emt 0:00:01]} Kc3 {[%emt 0:00:01]} 49. Rc8+ {[%emt 0:00:01]} Kb3 {[%emt 0:00:01]} 50. Rb8+ {[%emt 0:00:01]} Kc2 {[%emt 0:00:01]} 51. Rc8+ {[%emt 0:00:01]} Kd1 {[%emt 0:00:01]} 52. Rd8+ {[%emt 0:00:01]} Ke2 {[%emt 0:00:01]} 53. Rb8 {[%emt 0:00:01]} Kd3 {[%emt 0:00:03]} 54. Rd8+ {[%emt 0:00:01]} Kc3 {[%emt 0:00:01]} 55. Rc8+ {[%emt 0:00:01]} Kb4 {[%emt 0:00:00]} 56. Rb8+ {[%emt 0:00:01]} Kc5 {[%emt 0:00:00]} 57. Rc8+ {[%emt 0:00:01]} Kb6 {[%emt 0:00:00]} 58. Rb8+ {[%emt 0:00:01]} Kc7 {[%emt 0:00:00]} 59. Rb3 {[%emt 0:00:00]} Rc1 {[%emt 0:00:01]} 60. Rxb2 {[%emt 0:00:01]} Rc3 {[%emt 0:00:00]} 61. Re2 {[%emt 0:00:01]} Rc6 {[%emt 0:00:00]} 62. Rxe6 {[%emt 0:00:01]} Kb6 {[%emt 0:00:00]} 63. Kg3 {[%emt 0:00:00]} Rxe6 {[%emt 0:00:01]} 64. Kg4 {[%emt 0:00:00]} Rf6 {[%emt 0:00:00]} 65. Kg5 {[%emt 0:00:00]} Rf5+ {[%emt 0:00:00]} 66. Kh6 {[%emt 0:00:00]} Rh5+ {[%emt 0:00:00]} 67. Kg7 {[%emt 0:00:01]} g5 {[%emt 0:00:00]} 68. Kf7 {[%emt 0:00:00]} g4 {[%emt 0:00:00]} 69. hxg4 {[%emt 0:00:01]} Rg5 {[%emt 0:00:00]} 70. g3 {[%emt 0:00:00] .} Rxg4 {[%emt 0:00:00]} 71. f3 {[%emt 0:00:00]} Rb4 {[%emt 0:00:00]} 72. Kf8 {[%emt 0:00:00]} Rb3 {[%emt 0:00:00]} 73. Kg8 {[%emt 0:00:00]} Rc3 {[%emt 0:00:00]} 74. Kxh7 {[%emt 0:00:00]} Rd3 {[%emt 0:00:00]} 75. g4 {[%emt 0:00:00]} Re3 {[%emt 0:00:00]} 76. g5 {[%emt 0:00:00]} Rxf3 {[%emt 0:00:00]} 77. g6 {[%emt 0:00:00]} Rg3 {[%emt 0:00:00]} 78. Kg7 {[%emt 0:00:00]} Rh3 {[%emt 0:00:00]} 79. Kg8 {[%emt 0:00:00]} Rg3 {[%emt 0:00:00]} 80. Kg7 {[%emt 0:00:00]} Rf3 {[%emt 0:00:00] Time (Lag: Av=0.86s, max=1.7s)} 0-1

[Event "Stay Safe Play From Home 140"]
[Site "T#645950Emanuel Laske"]
[Date "2020.05.11"]
[Round "8"]
[White "Pokerpapi"]
[Black "UHU4"]
[Result "1-0"]
[WhiteElo "1469"]
[BlackElo "1526"]
[Annotator "NA RC"]
[PlyCount "39"]
[EventDate "2020.05.11"]
[EventType "swiss (blitz)"]

1. e4 {[%emt 0:00:01]} d5 {[%emt 0:00:01]} 2. e5 {[%emt 0:00:02]} Bf5 {[%emt 0:00:02]} 3. d4 {[%emt 0:00:00]} e6 {[%emt 0:00:01]} 4. a3 {[%emt 0:00:01]} c5 {[%emt 0:00:01]} 5. Nc3 {[%emt 0:00:00]} Nc6 {[%emt 0:00:01]} 6. Nf3 {[%emt 0:00:03]} cxd4 {[%emt 0:00:01]} 7. Nb5 {[%emt 0:00:02]} Nge7 {[%emt 0:00:11]} 8. Nd6+ {[%emt 0:00:04]} Kd7 {[%emt 0:00:11]} 9. Bb5 {[%emt 0:00:01]} a6 {[%emt 0:00:01]} 10. Bxc6+ {[%emt 0:00:04]} bxc6 {[%emt 0:00:01]} 11. Nb7 {[%emt 0:00:05]} Qb6 {[%emt 0:00:04]} 12. Nc5+ {[%emt 0:00:00]} Ke8 {[%emt 0:00:06]} 13. Qxd4 {[%emt 0:00:03]} Ng6 {[%emt 0:00:02]} 14. b4 {[%emt 0:00:04]} Bxc5 {[%emt 0:00:01]} 15. bxc5 {[%emt 0:00:02]} Qb5 {[%emt 0:00:04]} 16. c3 {[%emt 0:00:03]} Rb8 {[%emt 0:00:07]} 17. a4 {[%emt 0:00:00]} Qb3 {[%emt 0:00:02]} 18. O-O {[%emt 0:00:02]} Qc4 {[%emt 0:00:01]} 19. Qd2 {[%emt 0:00:04]} Bd3 {[%emt 0:00:02]} 20. Re1 {[%emt 0:00:02] Tiempo ' (Lag: Av=0.45s, max=0.7s)} 1-0

[Event "Stay Safe Play From Home 140"]
[Site "T#645950Emanuel Laske"]
[Date "2020.05.11"]
[Round "9"]
[White "Mepe_Nika"]
[Black "Haxhi Baha"]
[Result "1-0"]
[WhiteElo "2402"]
[BlackElo "1988"]
[Annotator "TA"]
[PlyCount "127"]
[EventDate "2020.05.11"]
[EventType "swiss (blitz)"]

{[%evp 9,127,9,11,11,11,9,35,14,27,-7,0,-7,0,-6,0,0,0,0,0,-43,19,-1,0,0,19,-11,0,-4,-13,-5,68,61,64,58,114,125,117,95,106,97,122,114,108,53,62,19,17,17,87,80,58,8,0,0,466,461,383,0,0,0,170,-231,632,629,611,608,591,581,29986,579,558,419,412,408,640,630,1056,462,390,376,577,566,532,427,29976,29977,29977,29977,29977,29978,29979,29980,29981,29981,29983,29980,29980,29979,29979,29980,29980,29981,29982,29982,29982,29983,29983,29984,29984,29985,29988,29989,29989,29987,29988,29986,29986,29987,29987,29988]} 1. d4 d5 2. Bf4 e6 3. e3 Bd6 4. Bg3 Qe7 5. Nd2 Nf6 6. Ngf3 {D00: 1 d4 d5: Unusual lines.} h6 7. c3 b6 8. Bd3 {[#] White is slightly better.} Bb7 $146 ({Predecessor:} 8... Nbd7 9. Ne5 Bxe5 10. dxe5 Ng8 11. f4 Bb7 12. Nf3 O-O-O 13. b4 f6 14. Qa4 Kb8 15. Nd4 fxe5 16. fxe5 h5 17. Ba6 Ba8 18. Nc6+ {1-0 (18) Sielaff,R (2028)-Blachmann,H (2145) Ellwangen 1997}) 9. Qe2 Nbd7 10. e4 {Threatens to win with e5.} dxe4 11. Nxe4 Nxe4 12. Bxe4 Bxe4 13. Qxe4 O-O 14. Ne5 Nf6 (14... Bxe5 $15 15. Bxe5 Nxe5 16. Qxe5 Rad8) 15. Qh4 (15. Qf3 {is interesting.} Qe8 16. Qe2 a5 17. O-O Nd5 18. Rad1) 15... Nd5 16. Qxe7 Bxe7 17. O-O Bf6 18. Nd7 Rfd8 19. Nxf6+ Nxf6 (19... gxf6 $11 20. Rfe1 c6) 20. Bxc7 $14 Rd7 21. Be5 Rc8 (21... Nd5 $14) 22. Bxf6 $16 gxf6 {[%mdl 4096] Endgame KRR-KRR} 23. Rfe1 b5 24. a3 Rdc7 25. Kf1 a5 26. Ke2 ({White should play} 26. Re3 $16) 26... b4 $1 $14 27. axb4 axb4 28. cxb4 Rc2+ (28... Rc4 $11 {keeps the balance.}) 29. Kd3 $1 $16 Rxb2 30. Reb1 (30. Rab1 $5 {[%cal Rb1b2]} Rxf2 31. b5 $16) 30... Rxf2 31. b5 {aiming for b6.} Rxg2 $2 {[%mdl 8192]} (31... Rcc2 $1 $11 {and Black stays safe.}) 32. b6 $18 {b7 is the strong threat.} Rcc2 33. Rd1 $2 (33. Rg1 $1 $18) 33... Rb2 $11 34. Rab1 {[#] Black must now prevent Rdc1.} Rxh2 $2 {[#]} (34... Rgd2+ $1 $11 {[%mdl 512]} 35. Kc3 (35. Rxd2 Rxb1) 35... Rdc2+ 36. Kd3 Rd2+ $1 {[%mdl 512]} 37. Kc4 Rdc2+ 38. Kd3 Rd2+ $1 {[%mdl 512]}) 35. b7 $4 {[%mdl 8192]} (35. Rdc1 $1 $18 {is the narrow road to win.}) 35... f5 $4 {[%mdl 8192] White leaves nothing to chance now.} (35... Rh3+ $19 36. Kc4 Rhb3 37. Rg1+ Kf8 38. Rxb2 Rxb2) 36. b8=Q+ $18 Rxb8 37. Rxb8+ Kg7 38. d5 Kf6 39. dxe6 (39. d6 $142 Rh3+ 40. Kc4 f4 41. d7 Kf5 42. d8=Q Rg3 43. Rb5+ Kg6 44. Qg8+ Kf6 45. Qh8+ Kg6 46. Rh1) 39... fxe6 40. Rd2 Rh3+ 41. Kd4 e5+ (41... Ra3 $142 42. Rh2 e5+ 43. Kc4 e4 44. Rxh6+ Kg5) 42. Kd5 e4 43. Rg2 (43. Rf8+ $142 Kg5 44. Ke5) 43... Rd3+ 44. Kc4 Rd7 (44... Rf3 $142 45. Rh2 Rf1 46. Rxh6+ Kg5) 45. Rb5 e3 46. Rh2 Rd2 (46... Kg5 $18 47. Rh1 Rd2) 47. Rxd2 {White mates.} exd2 {KR-K3P} 48. Rd5 Kg5 49. Rxd2 {KR-KPP} Kg4 50. Kd3 f4 51. Ke2 Kg3 52. Kf1 h5 53. Rg2+ Kf3 54. Rh2 Kg4 55. Kf2 h4 56. Rh1 h3 57. Rg1+ Kf5 58. Kf3 h2 59. Rh1 Kg5 60. Rxh2 Kf5 61. Rg2 Ke5 62. Rg4 Kf5 63. Rxf4+ Ke5 64. Re4+ {Accuracy: White = 66%, Black = 51%.} 1-0

[Event "Stay Safe Play From Home 140"]
[Site "T#645950Emanuel Laske"]
[Date "2020.05.11"]
[Round "9"]
[White "Shatarchin7"]
[Black "KLIND"]
[Result "1-0"]
[WhiteElo "2283"]
[BlackElo "1971"]
[PlyCount "57"]
[EventDate "2020.05.11"]
[EventType "swiss (blitz)"]

1. Nf3 {[%emt 0:00:01]} d5 {[%emt 0:00:00]} 2. e3 {[%emt 0:00:00]} c6 {[%emt 0:00:02]} 3. c4 {[%emt 0:00:01]} Nf6 {[%emt 0:00:00]} 4. Nc3 {[%emt 0:00:01]} g6 {[%emt 0:00:03]} 5. cxd5 {[%emt 0:00:01]} cxd5 {[%emt 0:00:00]} 6. d4 {[%emt 0:00:00]} Bg7 {[%emt 0:00:00]} 7. Be2 {[%emt 0:00:01]} O-O {[%emt 0:00:01]} 8. O-O {[%emt 0:00:00]} Nc6 {[%emt 0:00:00]} 9. Qb3 {[%emt 0:00:01]} e6 {[%emt 0:00:02]} 10. a4 {[%emt 0:00:02]} Ne4 {[%emt 0:00:01]} 11. Nxe4 {[%emt 0:00:01]} dxe4 {[%emt 0:00:00]} 12. Nd2 {[%emt 0:00:01]} f5 {[%emt 0:00:01]} 13. Bc4 {[%emt 0:00:02]} Re8 {[%emt 0:00:02]} 14. a5 {[%emt 0:00:01]} Nxa5 {[%emt 0:00:01]} 15. Qa4 {[%emt 0:00:04]} Nxc4 {[%emt 0:00:03]} 16. Nxc4 {[%emt 0:00:01]} Bd7 {[%emt 0:00:01]} 17. Qb3 {[%emt 0:00:01]} Bc6 {[%emt 0:00:02]} 18. Bd2 {[%emt 0:00:02]} Bd5 {[%emt 0:00:01]} 19. Qb4 {[%emt 0:00:00]} Bf8 {[%emt 0:00:01]} 20. Qa4 {[%emt 0:00:03]} b5 {[%emt 0:00:02]} 21. Qxb5 {[%emt 0:00:01]} Rb8 {[%emt 0:00:00]} 22. Qa4 {[%emt 0:00:01]} Rxb2 {[%emt 0:00:01]} 23. Nxb2 {[%emt 0:00:02]} Qe7 {[%emt 0:00:04]} 24. Nc4 {[%emt 0:00:01]} Rc8 {[%emt 0:00:02]} 25. Ne5 {[%emt 0:00:01]} Rc7 {[%emt 0:00:01]} 26. Rfb1 {[%emt 0:00:01]} Bg7 {[%emt 0:00:01]} 27. h3 {[%emt 0:00:01]} Bf6 {[%emt 0:00:03]} 28. Rb8+ {[%emt 0:00:01]} Kg7 {[%emt 0:00:01]} 29. Bb4 {[%emt 0:00:01] KLIND resigns (Lag: Av=0.53s, max=1.2s)} 1-0